<?xml version="1.0" encoding="UTF-8"?>
<record
    xmlns:xsi="http://www.w3.org/2001/XMLSchema-instance"
    xsi:schemaLocation="http://www.loc.gov/MARC21/slim http://www.loc.gov/standards/marcxml/schema/MARC21slim.xsd"
    xmlns="http://www.loc.gov/MARC21/slim">

  <leader>00538    a2200181   4500</leader>
  <datafield tag="020" ind1=" " ind2=" ">
    <subfield code="a">8129701766</subfield>
  </datafield>
  <datafield tag="040" ind1=" " ind2=" ">
    <subfield code="a">DLC</subfield>
    <subfield code="b">DLC</subfield>
  </datafield>
  <datafield tag="082" ind1="0" ind2="0">
    <subfield code="a">512.5</subfield>
  </datafield>
  <datafield tag="100" ind1="1" ind2=" ">
    <subfield code="a">Kolman, Bernard,</subfield>
  </datafield>
  <datafield tag="245" ind1="1" ind2="0">
    <subfield code="a">Introductory linear algebra with applications</subfield>
  </datafield>
  <datafield tag="250" ind1=" " ind2=" ">
    <subfield code="a">7th ed. /</subfield>
    <subfield code="b">Bernard Kolman, David R. Hill.</subfield>
  </datafield>
  <datafield tag="260" ind1=" " ind2=" ">
    <subfield code="a">Upper Saddle River, N.J. :</subfield>
    <subfield code="b">Prentice Hall,</subfield>
    <subfield code="c">c2001.</subfield>
  </datafield>
  <datafield tag="300" ind1=" " ind2=" ">
    <subfield code="a">xvi, 577, 68, 10 p. :</subfield>
    <subfield code="b">ill. ;</subfield>
    <subfield code="c">27 cm.</subfield>
  </datafield>
  <datafield tag="500" ind1=" " ind2=" ">
    <subfield code="a">Includes index.</subfield>
  </datafield>
  <datafield tag="650" ind1=" " ind2="0">
    <subfield code="a">Algebras, Linear.</subfield>
  </datafield>
  <datafield tag="700" ind1="1" ind2=" ">
    <subfield code="a">Hill, David R.</subfield>
    <subfield code="d">1943-</subfield>
  </datafield>
  <datafield tag="942" ind1=" " ind2=" ">
    <subfield code="c">BK</subfield>
    <subfield code="k">512.5 KOL</subfield>
    <subfield code="2">ddc</subfield>
  </datafield>
  <datafield tag="999" ind1=" " ind2=" ">
    <subfield code="c">4443</subfield>
    <subfield code="d">4443</subfield>
  </datafield>
  <datafield tag="952" ind1=" " ind2=" ">
    <subfield code="0">0</subfield>
    <subfield code="1">0</subfield>
    <subfield code="4">0</subfield>
    <subfield code="7">0</subfield>
    <subfield code="8">NFIC</subfield>
    <subfield code="a">CL</subfield>
    <subfield code="b">CL</subfield>
    <subfield code="c">GEN</subfield>
    <subfield code="d">2005-06-15</subfield>
    <subfield code="e">Allied Book Company</subfield>
    <subfield code="g">265.50</subfield>
    <subfield code="l">6</subfield>
    <subfield code="m">11</subfield>
    <subfield code="o">512.5 KOL</subfield>
    <subfield code="p">SEECS005930</subfield>
    <subfield code="q">2026-05-22</subfield>
    <subfield code="r">2025-07-17</subfield>
    <subfield code="s">2024-07-01</subfield>
    <subfield code="w">2017-01-05</subfield>
    <subfield code="y">BK</subfield>
  </datafield>
  <datafield tag="952" ind1=" " ind2=" ">
    <subfield code="0">0</subfield>
    <subfield code="1">0</subfield>
    <subfield code="4">0</subfield>
    <subfield code="7">0</subfield>
    <subfield code="8">NFIC</subfield>
    <subfield code="a">CL</subfield>
    <subfield code="b">CL</subfield>
    <subfield code="c">GEN</subfield>
    <subfield code="d">2005-06-15</subfield>
    <subfield code="e">Allied Book Company</subfield>
    <subfield code="g">265.50</subfield>
    <subfield code="l">2</subfield>
    <subfield code="o">512.5 KOL</subfield>
    <subfield code="p">SEECS005931</subfield>
    <subfield code="q">2019-04-02</subfield>
    <subfield code="r">2018-10-04</subfield>
    <subfield code="s">2018-10-04</subfield>
    <subfield code="w">2017-01-05</subfield>
    <subfield code="y">BK</subfield>
  </datafield>
  <datafield tag="952" ind1=" " ind2=" ">
    <subfield code="0">0</subfield>
    <subfield code="1">0</subfield>
    <subfield code="4">0</subfield>
    <subfield code="7">0</subfield>
    <subfield code="8">NFIC</subfield>
    <subfield code="a">CL</subfield>
    <subfield code="b">CL</subfield>
    <subfield code="c">GEN</subfield>
    <subfield code="d">2004-11-03</subfield>
    <subfield code="e">Allied Book Company</subfield>
    <subfield code="g">265.50</subfield>
    <subfield code="l">5</subfield>
    <subfield code="m">4</subfield>
    <subfield code="o">512.5 KOL</subfield>
    <subfield code="p">SEECS004999</subfield>
    <subfield code="q">2026-05-07</subfield>
    <subfield code="r">2025-05-29</subfield>
    <subfield code="s">2025-02-06</subfield>
    <subfield code="w">2017-01-05</subfield>
    <subfield code="y">BK</subfield>
  </datafield>
  <datafield tag="952" ind1=" " ind2=" ">
    <subfield code="0">0</subfield>
    <subfield code="1">0</subfield>
    <subfield code="4">0</subfield>
    <subfield code="7">0</subfield>
    <subfield code="8">NFIC</subfield>
    <subfield code="a">CL</subfield>
    <subfield code="b">CL</subfield>
    <subfield code="c">GEN</subfield>
    <subfield code="d">2004-11-03</subfield>
    <subfield code="e">Allied Book Company</subfield>
    <subfield code="g">265.50</subfield>
    <subfield code="l">5</subfield>
    <subfield code="m">1</subfield>
    <subfield code="o">512.5 KOL</subfield>
    <subfield code="p">SEECS005001</subfield>
    <subfield code="q">2024-09-13</subfield>
    <subfield code="r">2024-05-16</subfield>
    <subfield code="s">2024-05-16</subfield>
    <subfield code="w">2017-01-05</subfield>
    <subfield code="y">BK</subfield>
  </datafield>
  <datafield tag="952" ind1=" " ind2=" ">
    <subfield code="0">0</subfield>
    <subfield code="1">0</subfield>
    <subfield code="4">0</subfield>
    <subfield code="7">0</subfield>
    <subfield code="8">NFIC</subfield>
    <subfield code="a">CL</subfield>
    <subfield code="b">CL</subfield>
    <subfield code="c">GEN</subfield>
    <subfield code="d">2005-06-15</subfield>
    <subfield code="e">Allied Book Company</subfield>
    <subfield code="g">265.50</subfield>
    <subfield code="l">2</subfield>
    <subfield code="o">512.5 KOL</subfield>
    <subfield code="p">SEECS005933</subfield>
    <subfield code="q">2018-10-19</subfield>
    <subfield code="r">2018-10-04</subfield>
    <subfield code="s">2018-10-04</subfield>
    <subfield code="w">2017-01-05</subfield>
    <subfield code="y">BK</subfield>
  </datafield>
  <datafield tag="952" ind1=" " ind2=" ">
    <subfield code="0">0</subfield>
    <subfield code="1">0</subfield>
    <subfield code="4">0</subfield>
    <subfield code="7">0</subfield>
    <subfield code="8">NFIC</subfield>
    <subfield code="a">CL</subfield>
    <subfield code="b">CL</subfield>
    <subfield code="c">GEN</subfield>
    <subfield code="d">2004-11-03</subfield>
    <subfield code="e">Allied Book Company</subfield>
    <subfield code="g">265.50</subfield>
    <subfield code="l">2</subfield>
    <subfield code="m">2</subfield>
    <subfield code="o">512.5 KOL</subfield>
    <subfield code="p">SEECS004998</subfield>
    <subfield code="r">2020-10-12</subfield>
    <subfield code="s">2018-10-01</subfield>
    <subfield code="w">2017-01-05</subfield>
    <subfield code="y">BK</subfield>
  </datafield>
  <datafield tag="952" ind1=" " ind2=" ">
    <subfield code="0">0</subfield>
    <subfield code="1">0</subfield>
    <subfield code="4">0</subfield>
    <subfield code="7">0</subfield>
    <subfield code="8">NFIC</subfield>
    <subfield code="a">CL</subfield>
    <subfield code="b">CL</subfield>
    <subfield code="c">GEN</subfield>
    <subfield code="d">2004-11-03</subfield>
    <subfield code="e">Allied Book Company</subfield>
    <subfield code="g">265.50</subfield>
    <subfield code="l">13</subfield>
    <subfield code="m">10</subfield>
    <subfield code="o">512.5 KOL</subfield>
    <subfield code="p">SEECS005000</subfield>
    <subfield code="r">2026-05-09</subfield>
    <subfield code="s">2026-01-19</subfield>
    <subfield code="w">2017-01-05</subfield>
    <subfield code="y">BK</subfield>
  </datafield>
  <datafield tag="952" ind1=" " ind2=" ">
    <subfield code="0">0</subfield>
    <subfield code="1">0</subfield>
    <subfield code="4">0</subfield>
    <subfield code="7">0</subfield>
    <subfield code="8">NFIC</subfield>
    <subfield code="a">CL</subfield>
    <subfield code="b">CL</subfield>
    <subfield code="c">GEN</subfield>
    <subfield code="d">2013-06-27</subfield>
    <subfield code="e">Donation</subfield>
    <subfield code="g">0.00</subfield>
    <subfield code="l">4</subfield>
    <subfield code="m">8</subfield>
    <subfield code="o">512.5 KOL</subfield>
    <subfield code="p">SEECSD00927</subfield>
    <subfield code="q">2026-04-15</subfield>
    <subfield code="r">2026-01-31</subfield>
    <subfield code="s">2026-01-31</subfield>
    <subfield code="w">2013-07-12</subfield>
    <subfield code="y">BK</subfield>
  </datafield>
</record>
